LEADER 01615nas 2200505-a 450 001 996204943803316 005 20231006213016.0 035 $a(DE-599)ZDB2648283-6 035 $a(OCoLC)774973032 035 $a(CKB)3230000000019187 035 $a(CONSER)--2012243093 035 $a(EXLCZ)993230000000019187 100 $a20110906a20129999 --- - 101 0 $aeng 135 $aur||||||||||| 181 $ctxt$2rdacontent 182 $cc$2rdamedia 183 $acr$2rdacarrier 200 00$aDiagnostic and interventional imaging 210 $aParis $cElsevier Masson 300 $aRefereed/Peer-reviewed 311 $a2211-5684 531 10$aDiagn Interv Imaging 606 $aDiagnostic imaging$vPeriodicals 606 $aInterventional radiology$vPeriodicals 606 $aDiagnostic imaging$2fast$3(OCoLC)fst00892354 606 $aInterventional radiology$2fast$3(OCoLC)fst00977590 606 $aDiagnostic Imaging 606 $aRadiography, Interventional 608 $aPeriodicals.$2fast 608 $aPeriodical. 610 $aRadiology, MRI, Ultrasonography & Medical Physics 615 0$aDiagnostic imaging 615 0$aInterventional radiology 615 7$aDiagnostic imaging. 615 7$aInterventional radiology. 615 12$aDiagnostic Imaging. 615 22$aRadiography, Interventional. 676 $a616.07/54 712 02$aSociété française de radiologie. 712 02$aCollège des enseignants en radiologie de France. 906 $aJOURNAL 912 $a996204943803316 996 $aDiagnostic and interventional imaging$91894873 997 $aUNISA